000 00306nam a22001337a 4500
008 170607b xxu||||| |||| 00| 0 eng d
020 _a9781568023168
041 _aeng
080 _24 ED
_a32
100 _a18
101 _aSHP
245 _aTHE POLITICS THE PRESIDENCY
_cTHOMAS.N.C
942 _2udc
_cBK
999 _c16285
_d16285